| 000 | 00702ngm a22002297i 4500 | ||
|---|---|---|---|
| 001 | IT\ICCU\UBO\3653421 | ||
| 003 | ItRI | ||
| 005 | 20260124182850.0 | ||
| 008 | 090619s1998 xxk|||||||||||||||k|||||c | ||
| 028 | 4 | 2 | _aDTK051 |
| 040 | _bita | ||
| 041 | 7 |
_aeng _2ISO-639-2 |
|
| 130 | 0 |
_aLilies - Les feluettes <film ; 1996> _3IT\ICCU\UBO\3392607 |
|
| 245 | 0 | 0 |
_aLilies / _ca film by John Greyson. |
| 260 |
_aLondon : _bDTK information, _cc1998 |
||
| 300 | _a1 videocassetta (VHS) (ca. 96 min) color., son | ||
| 500 | _aTit. del contenitore | ||
| 500 | _aFilm del 1996, prod. Canada | ||
| 500 | _aVietato ai minori di 15 anni. | ||
| 700 | 1 |
_aGreyson, John _0IT\ICCU\UBOV\918573 |
|
| 942 |
_2ddc _cVM _n0 |
||
| 999 |
_c23067 _d23067 |
||